[Event "Caïssa intern 2017-2018"]
[Site "?"]
[Date "2017.12.19"]
[Round "15"]
[White "Witt, Rob"]
[Black "Riemens, Albert"]
[Result "1/2-1/2"]
[WhiteElo "2141"]
[BlackElo "2000"]
[Annotator "Witt"]
[PlyCount "56"]
[EventDate "2017.??.??"]

{De laatste ronde van de eerste cyclus kreeg ik Albert Riemens als
tegenstander. Op papier een gunstige indeling. Nummer 3 Eelke Wiersma was
afwezig en nummer 4 Enrico Vroombout had zwart tegen Arno Bezemer. Als Enrico
niet wint en ik wel dan eindig ik op de derde plaats die recht geeft op een
plek in het eerste team volgend seizoen. Maar Albert is een angstgegner voor
mij. Ik heb intern twee keer van hem verloren en verder herinner ik me alleen
een remise in het Lost Boys toernooi van 2002.} 1. d4 Nf6 2. Nf3 ({Op} 2. c4 {
zou ik wel tegen de Tango willen spelen, maar Albert speelt sinds dit seizoen
de Moderne Benoni. In een rapidpartij afgelopen zomer bleek hij mijn
bestrijdingswijze met Lf4 heel goed te kennen. Ik heb het daarna niet meer
bekeken.}) 2... c5 3. c4 ({Ik overwoog even} 3. d5 {maar ik weet niets van} b5
{al weet ik niet of Albert dat gespeeld zou hebben.}) 3... cxd4 4. Nxd4 e5 $1 {
Och, dat gevaarlijke Vaganiansysteem (soms ook Kasparovsysteem genoemd) kan
natuurlijk ook. Ik heb het heel lang geleden voor het laatst voor zwart
bekeken. Ik kan me nog herinneren wat zwart gaat doen: Hij laat de witte
pluspion op d5 voorlopig met rust, Lc5, e5-e4, De7, Pe5, Torens op e8 en d8,
enz. Maar wat moet wit in godsnaam doen? Ik had gelijk spijt dat ik niet 1.c4
of 1.Pf3 geopend heb.} 5. Nb5 d5 6. cxd5 Bc5 {Tot zover wist ik het nog.} 7. e3
({Na afloop zei Martin Bottema (wat weet die man toch veel) dat wit iets met
g3 en e3 moet spelen zoals Aronian gespeeld heeft. Waarschijnlijk doelde hij
op de volgende partij.} 7. N5c3 O-O 8. g3 Qb6 9. e3 Bg4 10. Be2 Bxe2 11. Qxe2
e4 12. a3 Nbd7 13. Nd2 Rfe8 14. b4 Bf8 15. O-O Qc7 16. Bb2 $14 {Aronian,L 
(2741)-Sutovsky,E (2655) Heraklio 2007 (37.1-0)}) 7... O-O 8. N5c3 Bf5 {
Minder gebruikelijk maar een prima zet.} ({Er zijn veel meer partijen met} 8...
e4) 9. Be2 ({Een goed alternatief lijkt} 9. a3) 9... e4 {Ik begon me hier al
zorgen te maken. In gedachten zag ik als een zwart paard op d3 staan.} ({
De laatste jaren zie je hier vaker} 9... Nbd7 {bijv.} 10. Nd2 Bb4 11. O-O Bxc3
12. bxc3 Nxd5 13. Bb2 Qb6 {Matlakov,M (2714)-Giri,A (2785) Sochi 2017 (40.
½-½)}) 10. a3 {Na ruim een kwartier.} ({Ik had o.a. gekeken naar} 10. g4 Bg6
11. g5 Nfd7 12. h4 {maar de stelling na} f5 {beviel me niet. En wat moet ik
met mijn koning doen. Misschien had ik dit toch moeten doen, want kort rokeren
lijkt veel te gevaarlijk.}) 10... a6 {Ik dacht dat Albert zijn loper op a7
wilde stallen, maar die gaat naar d6 en Albert wilde niet lastig gevallen
worden door Pb5.} ({Er zijn een stuk of 25 partijen met} 10... Nbd7 {Wit
scoort 50%.}) 11. b4 Bd6 12. Bb2 ({Hier overwoog ik het inlassen van} 12. g4
Bg6 {maar ik dacht dat dat een zet later ook nog eventueel kon.}) 12... Nbd7
13. Nd2 {Na bijna een kwartier.} ({Weer overwoog ik lang} 13. g4 {zonder te
kijken naar de verrassende computerzet} Nxg4 $5 14. Bxg4 Bxg4 15. Qxg4 f5 16.
Qe2 Ne5 $44 {Een bijzonder interessante stelling. Zwart heeft een vol stuk
geofferd voor aktief spel. Een soort AlphaZero offer.}) {Ik was even naar
buiten gegaan voor een rookpauze en een babbeltje met Alje. Toen ik bij
terugkomst aan mijn bord} 13... Ne5 {zag, speelde ik zonder enig nadenken de
belachelijke zet} 14. Qc2 $2 ({We bekeken na afloop} 14. Qb1 {maar dat is ook
niks omdat wit toch niet goed op e4 kan slaan. Bijv.} Re8 15. Ncxe4 $2 Nxe4 16.
Nxe4 Qh4 {en wit heeft niet beter dan} 17. Nxd6 Bxb1 18. Rxb1 {maar dat is
heel goed voor zwart na} Nd3+ $1 19. Bxd3 Rxe3+) ({Een normale zet is bijv.} 
14. h3 $44 {bijv.} Nd3+ $6 15. Bxd3 exd3 16. O-O {is okay voor wit.} Re8 17.
Qf3) 14... Rc8 {Natuurlijk.} 15. Qb3 Re8 {Na 10 minuten.} ({Ik weet niet
waarom Albert} 15... Nd3+ 16. Bxd3 exd3 {verworpen heeft. Dat is heel goed
voor zwart. Bijv.} 17. h3 Re8 18. O-O $2 Qd7) 16. Nc4 $2 {Wit nog 45 minuten.
Ik zag niets beters.} ({De engine vind het zwarte voordeel nog meevallen na} 
16. O-O {maar ik kan me niet voorstellen dat wit een koningsaanval overleeft.})
16... Nxc4 {Na een kwartier. Zwart nog 27 minuten.} ({Een goede zet, maar nog
sterker was} 16... Nd3+ 17. Bxd3 exd3 18. Nxd6 {Dat was ik van plan.} Qxd6 $19
{en wit staat nog veel slechter dan ik tijdens de partij dacht.}) 17. Bxc4 Ng4
$1 18. Be2 {39'} ({Ik heb niet serieus gekeken naar} 18. h3 {wegens} Qh4 ({
Sterker is volgens de engine} 18... Ne5 19. Be2 Nd3+ 20. Bxd3 exd3 $19 {
De witte koning staat nergens veilig.}) 19. g3 Bxg3 {Tot mijn verbazing leeft
wit nog} 20. hxg4 Qxh1+ 21. Kd2 {al is het geen prettig leven.}) 18... Qh4 {20'
} ({Er was niks tegen} 18... Nxh2 {waarop ik in arrenmoede} 19. O-O-O {
gespeeld zou hebben.}) 19. Bxg4 Qxg4 20. Kf1 {30'} (20. Ne2 {leek me niet
beter.}) 20... Bd7 21. Qd1 Qg6 22. Rc1 {25'} Be5 $6 {15'} (22... Rc4 $5) 23.
Qd2 Bd6 (23... Rc4 $1) 24. h4 h5 25. Kg1 {15'} Bg4 {10'} ({Na afloop
suggereerde ik} 25... Re5 26. Ne2 Rxc1+ 27. Bxc1 Rf5 {waarop Albert iedere
keer iets met g3 en Pf4 deed, maar dat verloor de hele tijd. Beter is} 28. Bb2
Bb5 29. Nf4 {en het blijkt nog niet zo makkelijk voor zwart.}) 26. Kf1 ({
De engine verdedigt zich met} 26. Ne2 Rxc1+ 27. Bxc1 Bf3 28. Ng3 Bxg3 29. fxg3
Qxg3 30. Bb2) 26... Bd7 (26... Qf5 $17) 27. Kg1 Bg4 28. Kf1 Bd7 {En met nog 6
minuten bood Albert remise aan.} 1/2-1/2

[Event "Tata dag-4-kamp 2B"]
[Site "?"]
[Date "2018.01.15"]
[Round "1"]
[White "Ten Hacken, Jos"]
[Black "Witt, Rob"]
[Result "0-1"]
[WhiteElo "2094"]
[BlackElo "2152"]
[Annotator "Witt"]
[PlyCount "66"]
[EventDate "2018.??.??"]

{Na de inschrijving waren Paul Janse en ik blij dat we niet bij elkaar in de
groep zaten. Maar toen ik wat later café De Zon inliep zag ik Jos ten Hacken
zitten en die bleek wel bij mij in de groep zitten. We waren vele jaren
clubgenoten bij Max Euwe en later Caïssa. Maar sinds twee jaar speelt Jos bij
VAS omdat hij dinsdagavond andere bezigheden heeft.} 1. d4 Nf6 2. c4 e6 3. Nc3
Bb4 4. e3 O-O 5. Nge2 c6 {Deze minder bekende variant bleek een goede keus,
want Jos was gelijk op onbekend terrein.} ({Gebruikelijker zijn} 5... d5 {
wat ik afgelopen zomer in Hilversum speelde tegen hans Galjé}) ({en} 5... Re8
{wat Michael Wunnink afgelopen jaar tegen mij speelde. Als ik me niet vergis
heeft Michael alledrie voortzettingen gespeeld.}) 6. a3 Ba5 7. b4 {De meest
gespeelde zet, maar misschien niet de beste.} ({De enige keer dat ik deze
variant eerder speelde was drie jaar geleden in de knsb tegen Jan Breukelman
van Paul Keres. Hij speelde toen} 7. g3 d5 8. cxd5 $6 {en nu had ik} Qxd5 $1 {
kunnen spelen wat ik helaas niet deed.}) ({Korneev beveelt aan} 7. Qc2 d5 8.
Ng3) 7... Bc7 8. Bb2 {Na ruim 10 minuten.} ({Gebruikelijker is} 8. e4) ({
en eveneens} 8. Ng3) 8... d5 9. cxd5 {Ik zou zelf niet geruild hebben.} (9. Ng3
Nbd7 10. Be2) 9... exd5 10. Ng3 Re8 $146 {Een natuurlijke zet.} ({Ik had ook
even gekeken naar} 10... Ng4 $5 {Die zet heeft het voordeel dat zwart zijn
dame op h4 kan zetten.}) 11. Bd3 Nbd7 12. Qc2 Nf8 ({Stockfish geeft de
voorkeur aan} 12... Nb6) 13. Nce2 Ng4 {Hier waren interessante alternatieven.}
14. Ng1 {Na een kwartier.} ({Op} 14. h3 $2 {plande ik} Nxe3 15. fxe3 Qh4) 14...
g6 $6 {Te rustig. Jos heeft het krom gespeeld en dus moet zwart veel
agressiever spelen.} ({Veel beter was mijn eerste gedachte} 14... Ng6 15. Nf3
Nh4 $1 {en nu is} 16. Bxh7+ {niet goed (maar wat dan wel?) wegens} (16. O-O
Nxf3+ 17. gxf3 Nxh2 $1 {is ook goed voor zwart.}) 16... Kh8 17. Nxh4 Qxh4 18.
Bd3 Bxg3 $19) 15. Nf3 a6 {Ik wilde niet lastig gevallen worden door b5.} ({
Het is een teken aan de want dat de engine nu} 15... Nd7 {de beste zet vindt.})
16. O-O Ne6 17. Rfe1 Ng5 $2 {Ik miste wit's volgende zet.} ({De juiste zet was
} 17... Ng7 {eventueel gevolgd door Lxg3 en Lf5. het staat ongeveer gelijk.})
18. Ne5 {Wit heeft hier nog 19 minuten, zwart 27 minuten.} Nh6 19. f4 Ne6 20.
f5 {Misschien had Jos hiermee even moeten wachten.} (20. a4) 20... Nf8 {
Op gevoel gespeeld zodat g6 extra gedekt wordt.} ({Achteraf geef ik de
voorkeur aan} 20... Ng7 21. fxg6 fxg6 {en ik speel deze stelling liever met
zwart.}) 21. fxg6 hxg6 22. e4 $2 {Die had moeten verliezen. Wit nog 11 minuten,
zwart 21 minuten.} (22. Rf1) 22... Ng4 $2 ({Ik heb de laatste tijd wat taktiek
geoefend maar ondanks 9 minuten nadenken vond ik niet} 22... Rxe5 $1 {Het is
gelijk totaal uit. Jos zou zeggen: 'Je ziet het of je ziet het niet'.} 23. dxe5
Bb6+ 24. Kh1 Ng4 25. Re2 Nxh2 $19) 23. exd5 $2 {Geeft mij opnieuw een kans al
is het nu minder sterk dan op de vorige zet.} ({Noodzakelijk was} 23. Nxg4 Bxg4
24. e5 Qh4 25. Qf2 {met onduidelijke stelling.}) 23... cxd5 ({Opnieuw had ik
moeten kiezen voor} 23... Rxe5 $1 24. Rxe5 (24. dxe5 $2 Bb6+) 24... Qh4 25. Nf1
Nxe5 26. dxe5 Bb6+ 27. Kh1 cxd5 $15 {Op zich een makkelijke variant als je
maar op het idee komt.}) 24. Re2 $2 {Wit nog 5 minuten. Het wordt een beetje
vervelend, maar opnieuw had ik Txe5 kunnen spelen.} (24. Nxg4 Rxe1+ 25. Rxe1
Bxg4 {en wit staat nog niet helemaal gelijk.}) 24... Bb6 $2 {Vrij snel
gespeeld. Ik had nog 9 minuten en wilde echte tijdnood vermijden.} ({Driemaal
is scheepsrecht, maar ik mis weer} 24... Rxe5 $1 25. Rxe5 Be6 (25... Nxe5 26.
dxe5) 26. Re2 Bxg3 27. hxg3 Qf6 28. Rf1 Qh8) ({Overigens was} 24... Nxe5 {
ook beter dan de tekstzet}) ({evenals} 24... Nxh2) 25. Nf3 Bd7 26. Rxe8 Bxe8
27. Rf1 $4 {A tempo een verschrikkelijke blunder.} ({Na} 27. Re1 {is er weinig
meer aan de hand al staat zwart mijns inziens iets meer gelijk dan wit na bijv.
} a5 28. b5 Rc8 29. Qd1 Qd6 $13) 27... Ne3 $19 {De rest behoeft geen
commentaar.} 28. Qd2 Nxf1 29. Bxf1 Qf6 30. Qh6 Ne6 31. Qe3 Rc8 32. Ne5 Qf4 33.
Qd3 Qxe5 0-1

[Event "Tata dag-4-kamp 2B"]
[Site "?"]
[Date "2018.01.16"]
[Round "2"]
[White "Witt, Rob"]
[Black "Stefan, Romulus-Christian"]
[Result "1-0"]
[WhiteElo "2152"]
[BlackElo "2201"]
[Annotator "Witt"]
[PlyCount "77"]
[EventDate "2018.??.??"]

{Mijn tegenstander met de mooie naam is een bijzonder aardige Roemeen. Zijn
dochtertje van 8 jaar speelt in groep 8P en zou die groep met 2½-3 winnen.} 1.
d4 Nf6 {In de eerste ronde had hij met zwart makkelijk gewonnen met de KID.
Daarom verwachtte ik nu een Hollandse Leningrader wat hij ook veel speelt. Hij
vertelde na afloop dat hij dat eerst van plan was, maar toen zag hij mijn
partij van afgelopen zomer tegen Pruijssers en mijn witte opzet vond hij
lastig te bestrijden.} 2. c4 g6 3. Nc3 Bg7 4. e4 d6 5. Nf3 O-O 6. Be2 c5 ({
In de eerste ronde speelde hij} 6... e5 7. O-O Nbd7) 7. O-O {Tegen de Benoni
speel ik een andere opstelling en een Maroczy zag ik wel zitten.} Nc6 {Dat kan
natuurlijk ook al heeft dit geen goede naam.} 8. d5 Na5 9. h3 {Ik wilde
eventueel mijn loper op f4 zetten. het blijkt de meest gespeelde zet.} ({
Maar Khalifman in ''According to Kramnik' beveelt} 9. Bd2 {aan. Hij noemt het
zelfs 'an important move.'}) 9... e5 {In de praktijk is de zwarte opbouw
lastig te bestrijden. Ik had geen zin in dat langzame gedoe met a3 en b4.
Zwart speelt op de koningsvleugel en als je een foutje maakt gaat het snel mis.
Dit overkwam mij een paar jaar geleden in een Tata-4-kamp tegen Harold van
Dijk. Ik zie nu in de database dat hij met deze opstelling ook Erwin l'Ami
verslagen heeft. Die pakte het aan met a3 en b4 en rende vervolgens met zijn
koning naar de damevleugel.} 10. Ne1 Ne8 {Als Pa5 op a6 zou staan, kan wit het
ook aanpakken met Pd3 en f4 maar hier kan dat niet. Als ik het goed begrijp is
dat het idee van Khalifman. In plaats van h3 eerst Ld2 en b3 en dan Pf3-e1-d3
en f4.} 11. g4 {In deze stelling nieuw. Ik wilde het scherp aanpakken al is
het misschien te riskant.} f5 12. gxf5 $6 {Mijn plan, twee keer slaan op f5 en
Lg4 blijkt toch te riskant.} ({Een veel betere aanpak was} 12. exf5 gxf5 13.
Ng2 {en Stockfish is het met me eens al zegt dat niks in de KID.}) 12... gxf5
13. exf5 $2 {Dit is in ieder geval niet goed.} ({Ik had beter kunnen vervolgen
met} 13. Kh2 {en in geval van} fxe4 14. Ng2 Nf6 {en nu moet wit oppassen voor
Dd7 zodat wit een pion moet offeren met} 15. f4 {Op het eerste gezicht heeft
wit voldoende compensatie.}) {Hier begon zwart voor het eerst na te denken en
na 12 minuten volgde} 13... Bxf5 14. Bg4 $2 {Die deed ik a tempo. Pion c4
staat nog indirect gedekt.} ({Stockfish geeft het betere} 14. Ng2 {en
misschien gaat dit nog voor wit.}) 14... Bg6 $2 {Na 7 minuten. Zwart had een
damezet moeten spelen. Elke damezet geeft zwart voordeel. Dat mag ook wel na
drie slechte zetten van wit.} ({De beste is misschien} 14... Qd7 {bijv.} 15.
Qe2 Nf6 16. Bxf5 Qxf5 17. Kh2 e4 18. Ng2 Rae8 $17) 15. Qe2 Nf6 {Stefan
vertelde de volgende dag dat hij dacht dat ik nu Le6+ moest spelen waarna hij
de manoeuvre Pf6-h5-f4 had.} 16. Bg5 Qb6 $2 {Hier staat de dame niet goed.} ({
Beter was} 16... Qe8 {met onduidelijke stelling.}) 17. Rc1 Rae8 18. b3 {
Na een mislukte opening had ik nu toch het gevoel dat ik beter stond.} Nxg4 19.
hxg4 {Dit leek me volstrekt logisch en ik speelde dit dan ook zonder nadenken.}
({Tot mijn verrassing vindt de engine} 19. Qxg4 {veel beter. En na een tijdje
analyseren moet ik toegeven dat de engine volkomen gelijk heeft. Als zwart
voortzet als in de partij met} e4 {gaat wit verder met} 20. Ng2 Bf5 (20... Qb4
$2 21. Nb5 $1) 21. Qg3 Kh8 22. Rfe1 {en alle witte stukken komen goed te staan.
}) 19... e4 20. Nd1 h6 $6 {Dit lijkt een onnodige verzwakking. Zwart kan beter
zo snel mogelijk proberen zijn dame en paard weer in het spel te brengen.} 21.
Bh4 Qc7 22. Ne3 b6 {Beide spelers nog drie kwartier.} 23. Bg3 (23. N1g2 $5)
23... Nb7 24. N1g2 {Hierna dacht Stefan lang na. Dit paard kan of naar f4 en
e6 of naar h5 en f5. Ik zag aan zijn lichaamstaal dat hij niet tevreden was
met de laatste ontwikkelingen.} Rf3 {Na een kwartier.} 25. Nh4 Qf7 26. Kg2 $6 {
Niet met de bedoeling om op f3 te slaan, maar om een toren eventueel naar de
h-lijn te spelen.} ({Meteen} 26. Nef5 $5 {was achteraf toch sterker. Zwart zal
een kwaliteit moeten geven.}) 26... Rf8 $2 {Volgens Stefan was dit de
beslissende fout. En daar had hij gelijk in.} ({Hij zei dat hij} 26... h5 {
had moeten spelen en op} 27. Rh1 Bh6 $1 {Dat ziet er inderdaad spannend uit.
Volgens de engine staat wit duidelijk beter na} 28. Qb2 Bg7 ({Slecht is} 28...
Bxe3 29. fxe3 Rxe3 30. Qd2 $18) 29. Qd2 {en of zwart nu wel of niet een
kwaliteit offert, wit staat altijd heel goed.}) 27. Nef5 Bxf5 28. gxf5 Rd3 {
Na 10 minuten.} (28... Rxf5 29. Nxf5 Qxf5 30. Rh1 {leek me hopeloos.}) {
Nu was het mijn beurt om lang na te denken. Ik zie nu dat de engine wit +4
geeft, maar achter het bord wist ik dat natuurlijk niet. Ik zocht naar een
methode die zwart geen enkele tegenkans laat. Uiteindelijk koos ik voor} 29.
Rfd1 ({Ik keek natuurlijk in eerste instantie naar} 29. Qxe4 {maar dat wordt
misschien nog ingewikkeld na} Rd4 ({Beter dan de a-pion ophalen met} 29... Rd2
30. Rfe1 ({Vooral niet zuinig met} 30. Rc2 {want dan moet ik mijn dame geven
voor twee torens na} Re8 31. Qxe8+ Qxe8 32. Rxd2 {Weliswaar goed voor mij maar
nodeloos gecompliceerd.}) 30... Rxa2 31. Ng6 $18 {en hier zag ik geen zet meer
voor zwart. wit gaat verder met zetten als Dh4, Lf4, Te6, enz.}) 30. Qf3 Qf6
31. Rh1 Qg5 {en ongetwijfeld staat wit gewonnen, maar het is nog best
ingewikkeld.}) 29... Rxd1 30. Rxd1 Re8 {Hier bood mijn tegenstander remise aan.
Zinloos natuurlijk. Pion e4 is zwak, mijn stukken staan beter, ik heb
voldoende tijd en het is duidelijk dat ik op winst speel.} 31. Re1 {Ik dreig
de e-pion te winnen met Dg6 en Pg6.} Qf6 {Wit nog 20 minuten, zwart 11 minuten.
} ({Als zwart dat verhindert met} 31... h5 {ga ik op aanval spelen met} 32. Rg1
) ({De engine vindt het relatief het beste om de e-pion maar meteen te geven
met} 31... e3 {Die had ik ook verwacht en ik wilde hem niet meteen nemen maar
eerst} 32. Qf3 {spelen met de bedoeling} exf2 $2 ({Beter is} 32... Kh7 33. Rxe3
Rxe3 34. fxe3 {maar de winst is een kwestie van tijd.}) 33. Re6 $18) 32. Qh5
Re7 (32... Qf7 33. Qg4 {wint weer de e-pion.}) 33. Ng6 Re8 34. Bh4 {Na 10
minuten.} Qd4 {Dit verliest snel, maar goede raad was duur.} (34... Qf7 35. Qg4
) 35. Ne7+ Kf8 36. f6 Bxf6 37. Nf5 ({Nog harder was} 37. Qxh6+ Kxe7 (37... Bg7
38. Qe6) 38. Qg7+ Kd8 39. Bxf6+) 37... Qc3 38. Re3 Qa1 39. Rg3 {en na een paar
minuten capituleerde Romulus.} 1-0